000 00327nam a2200121Ia 4500
999 _c6963
_d6963
020 _a9780201520293
082 _a006.6
_b5103
100 _aMatthew E. Hodges
245 0 _aMultimedia computing : case studies from MIT Project Athena
260 _aNew York
_bAddison Wesley Publishing Company
_c1990
300 _a302
942 _cC.S